000 00575nam a2200205Ia 4500
003 GCL
008 140319s9999 xx 000 0 eng d
040 _aGCL /
_cGCL
082 0 4 _a741.5222
_bO B
100 1 _aOREMLAND, RONALD S.
245 1 0 _aBIOGECHEMISTRY OF GLOBAL CHANGE: REDIATIVELY ACTIVE TRACE GASES /
_cOREMLAND, RONALD S.
260 _a[S.N] :
_bCHAPMAN & HALL ،
_c1993
300 _a879 P
650 0 4 _aCHIMATIC CHANGAD
650 0 4 _aBIOGEOCHEMISTRY
650 0 4 _aCANGAESSES
650 0 4 _aGREENHOUSE GASES
650 0 4 _aBIOCLIMATOLIGY
942 _2ddc
_cBK
999 _c23820
_d23820